Life without limits : (Record no. 1919)

MARC details
000 -LEADER
fixed length control field 00764cam a2200265 a 4500
001 - CONTROL NUMBER
control field 89609
003 - CONTROL NUMBER IDENTIFIER
control field GBCCL
005 - DATE AND TIME OF LATEST TRANSACTION
control field 20241126110412.0
008 - FIXED-LENGTH DATA ELEMENTS--GENERAL INFORMATION
fixed length control field 761230s1975 txu 000 0 eng d
010 ## -
-- 75024829
020 ## - INTERNATIONAL STANDARD BOOK NUMBER
International Standard Book Number 0876804393
035 ## - SYSTEM CONTROL NUMBER
System control number (OCoLC)ocm02653629
040 ## - CATALOGING SOURCE
Original cataloging agency BSC
Transcribing agency BSC
Modifying agency TMS
-- OCL
049 ## -
-- LBBK
082 ## - DEWEY DECIMAL CLASSIFICATION NUMBER
Classification number 226.307
Item number OGI
090 ## - LOCALLY ASSIGNED LC-TYPE CALL NUMBER (OCLC); LOCAL CALL NUMBER (RLIN)
Classification number (OCLC) (R) ; Classification number, CALL (RLIN) (NR) BS2385.3
Local cutter number (OCLC) ; Book number/undivided call number, CALL (RLIN) .O35
092 ## - LOCALLY ASSIGNED DEWEY CALL NUMBER (OCLC)
Classification number 226.307
Item number O34(Sb(B
100 1# - MAIN ENTRY--PERSONAL NAME
Personal name Ogilvie, Lloyd John.
9 (RLIN) 551
245 10 - TITLE STATEMENT
Title Life without limits :
Remainder of title the message of Mark's Gospel /
Statement of responsibility, etc. Lloyd J. Ogilvie.
260 ## - PUBLICATION, DISTRIBUTION, ETC.
Place of publication, distribution, etc. Waco, Tex. :
Name of publisher, distributor, etc. Word Books,
Date of publication, distribution, etc. c1975.
300 ## - PHYSICAL DESCRIPTION
Extent 290 p. ;
Dimensions 23 cm.
630 00 - SUBJECT ADDED ENTRY--UNIFORM TITLE
Uniform title Bible.
Name of part/section of a work N.T.
-- Mark
Form subdivision Commentaries.
9 (RLIN) 3987
650 #0 - SUBJECT ADDED ENTRY--TOPICAL TERM
Topical term or geographic name entry element Christian life
General subdivision Presbyterian authors.
9 (RLIN) 552
942 ## - ADDED ENTRY ELEMENTS (KOHA)
Source of classification or shelving scheme Dewey Decimal Classification
Koha item type Books
Koha issues (borrowed), all copies 2
Holdings
Withdrawn status Lost status Source of classification or shelving scheme Damaged status Not for loan Home library Current Library Shelving location Date acquired Total checkouts Full call number Barcode Date last seen Date last checked out Copy number Price effective from Koha item type
    Dewey Decimal Classification     GRACE BIBLE COLLEGE GRACE BIBLE COLLEGE Biblical Studies 2017-06-01 2 226.307 OGI 003600 2025-05-01 2022-12-12 c.1 2017-06-01 Books
© Grace Bible College Library 2025